Advanced accounts / (Record no. 145511)

MARC details
000 -LEADER
fixed length control field 00590nam a22002057a 4500
005 - DATE AND TIME OF LATEST TRANSACTION
control field 20170926120100.0
010 ## - LCCN (DPL NO)
LC control number 1718EN-30
020 ## - INTERNATIONAL STANDARD BOOK NUMBER
International Standard Book Number 9789352533145
Terms of availability 1450.00
037 ## - SOURCE OF ACQUISITION
Source of stock number/acquisition Asian
Stock number dpl
100 ## - MAIN ENTRY--PERSONAL NAME
Personal name Shukla, M.C.
245 ## - TITLE STATEMENT
Title Advanced accounts /
Statement of responsibility, etc by M.C. Shukla, T.S. Grewal [and] S.C. Gupta
250 ## - EDITION STATEMENT
Edition statement 19th ed
260 ## - PUBLICATION, DISTRIBUTION, ETC. (IMPRINT)
Place of publication, distribution, etc New Delhi
Name of publisher, distributor, etc S.Chand
Date of publication, distribution, etc 2016
270 ## - ADDRESS
Address 7361, Ram Nagar,
City New Delhi
Postal code 110055
300 v# - PHYSICAL DESCRIPTION
Extent various pagings
Dimensions 25cm(Hb)
700 ## - ADDED ENTRY--PERSONAL NAME
Personal name Grewal, T.S.
700 ## - ADDED ENTRY--PERSONAL NAME
Personal name Gupta, S.C.
942 ## - ADDED ENTRY ELEMENTS (KOHA)
Source of classification or shelving scheme Dewey Decimal Classification
Item type English Books
Call number suffix SHU

No items available.


© Delhi Public Library
Hit Counter
free hit counter